<?xml version="1.0" encoding="UTF-8"?>
<record
    xmlns:xsi="http://www.w3.org/2001/XMLSchema-instance"
    xsi:schemaLocation="http://www.loc.gov/MARC21/slim http://www.loc.gov/standards/marcxml/schema/MARC21slim.xsd"
    xmlns="http://www.loc.gov/MARC21/slim">

  <leader>00441nam a22001697a 4500</leader>
  <controlfield tag="005">20260121145129.0</controlfield>
  <controlfield tag="008">160428b        xxu||||| |||| 00| 0 eng d</controlfield>
  <datafield tag="020" ind1=" " ind2=" ">
    <subfield code="a">0-07-058741-8</subfield>
  </datafield>
  <datafield tag="041" ind1=" " ind2=" ">
    <subfield code="a">eng</subfield>
  </datafield>
  <datafield tag="082" ind1=" " ind2=" ">
    <subfield code="a">005.74</subfield>
  </datafield>
  <datafield tag="100" ind1=" " ind2=" ">
    <subfield code="a">Berson, Alex AND Stephen j.</subfield>
    <subfield code="9">4131</subfield>
  </datafield>
  <datafield tag="245" ind1=" " ind2=" ">
    <subfield code="a">Data warehousing, Data Mining, &amp; OLAP</subfield>
  </datafield>
  <datafield tag="260" ind1=" " ind2=" ">
    <subfield code="a">New Delhi</subfield>
    <subfield code="b">Tata MC Graw Hill, </subfield>
    <subfield code="c">2004</subfield>
  </datafield>
  <datafield tag="300" ind1=" " ind2=" ">
    <subfield code="a">612</subfield>
  </datafield>
  <datafield tag="650" ind1=" " ind2=" ">
    <subfield code="a">Information Technology</subfield>
  </datafield>
  <datafield tag="942" ind1=" " ind2=" ">
    <subfield code="c">BK</subfield>
  </datafield>
  <datafield tag="999" ind1=" " ind2=" ">
    <subfield code="c">191</subfield>
    <subfield code="d">191</subfield>
  </datafield>
  <datafield tag="952" ind1=" " ind2=" ">
    <subfield code="0">0</subfield>
    <subfield code="1">0</subfield>
    <subfield code="4">0</subfield>
    <subfield code="7">0</subfield>
    <subfield code="8">CS/IT</subfield>
    <subfield code="a">JRU</subfield>
    <subfield code="b">JRU</subfield>
    <subfield code="c">SHELF-52-A</subfield>
    <subfield code="d">2016-04-28</subfield>
    <subfield code="l">0</subfield>
    <subfield code="o">005.74</subfield>
    <subfield code="p">00664</subfield>
    <subfield code="r">2016-04-28 00:00:00</subfield>
    <subfield code="w">2016-04-28</subfield>
    <subfield code="y">BK</subfield>
  </datafield>
  <datafield tag="952" ind1=" " ind2=" ">
    <subfield code="0">0</subfield>
    <subfield code="1">0</subfield>
    <subfield code="4">0</subfield>
    <subfield code="7">0</subfield>
    <subfield code="8">CS/IT</subfield>
    <subfield code="a">JRU</subfield>
    <subfield code="b">JRU</subfield>
    <subfield code="c">SHELF-52-A</subfield>
    <subfield code="d">2016-04-28</subfield>
    <subfield code="l">7</subfield>
    <subfield code="m">2</subfield>
    <subfield code="o">005.74</subfield>
    <subfield code="p">00665</subfield>
    <subfield code="r">2024-12-18 13:14:03</subfield>
    <subfield code="s">2024-12-02</subfield>
    <subfield code="w">2016-04-28</subfield>
    <subfield code="y">BK</subfield>
  </datafield>
  <datafield tag="952" ind1=" " ind2=" ">
    <subfield code="0">0</subfield>
    <subfield code="1">0</subfield>
    <subfield code="4">0</subfield>
    <subfield code="7">0</subfield>
    <subfield code="8">CS/IT</subfield>
    <subfield code="a">JRU</subfield>
    <subfield code="b">JRU</subfield>
    <subfield code="c">SHELF-52-A</subfield>
    <subfield code="d">2016-04-28</subfield>
    <subfield code="l">0</subfield>
    <subfield code="o">005.74</subfield>
    <subfield code="p">00666</subfield>
    <subfield code="r">2016-04-28 00:00:00</subfield>
    <subfield code="w">2016-04-28</subfield>
    <subfield code="y">BK</subfield>
  </datafield>
  <datafield tag="952" ind1=" " ind2=" ">
    <subfield code="0">0</subfield>
    <subfield code="1">0</subfield>
    <subfield code="4">0</subfield>
    <subfield code="7">0</subfield>
    <subfield code="a">JRU</subfield>
    <subfield code="c">SHELF-5-B</subfield>
    <subfield code="d">2016-04-28</subfield>
    <subfield code="l">4</subfield>
    <subfield code="m">2</subfield>
    <subfield code="o">005.74</subfield>
    <subfield code="p">00667</subfield>
    <subfield code="r">2018-12-05 00:00:00</subfield>
    <subfield code="s">2018-11-02</subfield>
    <subfield code="w">2016-04-28</subfield>
    <subfield code="y">BK</subfield>
  </datafield>
  <datafield tag="952" ind1=" " ind2=" ">
    <subfield code="0">0</subfield>
    <subfield code="1">0</subfield>
    <subfield code="4">0</subfield>
    <subfield code="7">0</subfield>
    <subfield code="8">CS/IT</subfield>
    <subfield code="a">JRU</subfield>
    <subfield code="b">JRU</subfield>
    <subfield code="c">SHELF-52-A</subfield>
    <subfield code="d">2016-04-28</subfield>
    <subfield code="l">3</subfield>
    <subfield code="m">1</subfield>
    <subfield code="o">005.74</subfield>
    <subfield code="p">00668</subfield>
    <subfield code="r">2022-09-13 00:00:00</subfield>
    <subfield code="s">2022-08-29</subfield>
    <subfield code="w">2016-04-28</subfield>
    <subfield code="y">BK</subfield>
  </datafield>
</record>
